[Event "FRA-ch op-C"]
[Site "Caen"]
[Date "2011.08.20"]
[Round "5"]
[White "Braun, Jean Baptiste"]
[Black "Nouhaud, Laurent"]
[Result "1/2-1/2"]
[WhiteElo "1702"]
[BlackElo "1793"]
[PlyCount "54"]
[EventDate "2011.08.16"]
[EventType "swiss"]
[EventRounds "11"]
[EventCountry "FRA"]
[SourceTitle "EXT 2012"]
[Source "ChessBase"]
[SourceDate "2011.11.24"]
[SourceVersion "1"]
[SourceVersionDate "2011.11.24"]
[SourceQuality "1"]

1. e4 Nc6 2. d4 d5 3. e5 Bf5 4. Be3 e6 5. h4 h5 6. Nc3 Be7 7. Be2 g6 8. Nf3 Nb4 9. Bb5+ c6 10. Ba4 Bg4 11. g3 Na6 12. 0-0 Bf8 13. Kg2 Bh6 14. Qd2 Bxf3+ 15. Kxf3 f6 16. exf6 Qxf6+ 17. Kg2 0-0-0 18. Bxh6 Nxh6 19. f4 Nf5 20. Ne2 Kb8 21. c3 Nc7 22. b4 b5 23. Bc2 Ne8 24. Ng1 Ned6 25. Bd3 Kb7 26. Nf3 Ra8 27. Ne5 Kc7 1/2-1/2

[Event "Gorges op 18th"]
[Site "Gorges"]
[Date "2008.07.??"]
[Round "7"]
[White "Nouhaud, Laurent"]
[Black "Templier, Benoit"]
[Result "0-1"]
[WhiteElo "1830"]
[BlackElo "1697"]
[PlyCount "90"]
[EventDate "2008.07.??"]
[EventType "swiss"]
[EventRounds "7"]
[EventCountry "FRA"]
[SourceTitle "CBM 125 Extra"]
[Source "ChessBase"]
[SourceDate "2008.09.01"]
[SourceVersion "1"]
[SourceVersionDate "2008.09.01"]
[SourceQuality "1"]

1. e4 e6 2. d4 d5 3. Nc3 Bb4 4. e5 c5 5. Bb5+ Bd7 6. Bxd7+ Nxd7 7. a3 cxd4 8. Qxd4 Bc5 9. Qg4 Ne7 10. Nf3 Ng6 11. b4 Be7 12. Nb5 0-0 13. Bb2 a5 14. Qd4 axb4 15. axb4 Qb6 16. Qxb6 Nxb6 17. c3 Nc4 18. Ba3 Ra4 19. Nfd4 Ngxe5 20. Ke2 Nxa3 21. Nxa3 Rfa8 22. Nac2 Nc4 23. Nb3 b6 24. Rxa4 Rxa4 25. Ra1 Rxa1 26. Nbxa1 Bf6 27. Nd4 Kf8 28. Nac2 Nb2 29. Kd2 Ke8 30. Ne3 Kd7 31. Ng4 Nc4+ 32. Kd3 Ne5+ 33. Nxe5+ Bxe5 34. Nf3 Bf6 35. Ne1 Kd6 36. Nc2 e5 37. f3 e4+ 38. fxe4 dxe4+ 39. Kd2 Bg5+ 40. Ke2 Kd5 41. Na3 f5 42. Kf2 g6 43. Nb5 Kc4 44. Nc7 Bd2 45. Ne6 Kd3 0-1